The oecumenical documents of the faith : the Creed of Nicaea, Three epistles of Cyril, The tome of Leo, The Chalcedonian definition.

محفوظ في:

المؤلف الرئيسي: Bindley, T. Herbert 1861-1931 (مؤلف)

مؤلفون آخرون: Green, F. W. 1884-

التنسيق: كتاب

اللغة: English

منشور في: London : Methuen, [1950].

الطبعة: 4th ed. /

الموضوعات:

الوسوم: إضافة وسم

لا توجد وسوم, كن أول من يضع وسما على هذه التسجيلة!

رقم الطلب: BT990 .B5 1950

LEADER 00977nam a2200265I 4500
001 5305
003 OSt
005 20251021075918.0
008 130303s1950 enk 001 0 eng d
010 |a a 53001439 
035 |a ocm00497399 
040 |c ARCE Library 
050 4 |a BT990 .B5 1950 
100 1 |a Bindley, T. Herbert  |q (Thomas Herbert),  |d 1861-1931,  |e author  |9 26815 
245 1 4 |a The oecumenical documents of the faith :  |b the Creed of Nicaea, Three epistles of Cyril, The tome of Leo, The Chalcedonian definition. 
250 |a 4th ed. /   |b rev. with introdction and notes by F. W. Green. 
264 1 |a London :  |b Methuen,  |c [1950]. 
300 |a viii, 246 page ;  |c 23 cm. 
500 |a "Index of texts quoted or referred to" : pages 242-244. "Index of patristic references" : pages : 245-246. 
630 0 0 |a Nicene Creed. 
650 0 |a Creeds, Ecumenical.  |9 309 
700 1 |a Green, F. W.  |q (Frederick Wastie),  |d 1884- 
901 |a reviewed 
942 |c BK  |2 lcc 
999 |c 5239  |d 5239